| 000 | 00555nam a22001937a 4500 | ||
|---|---|---|---|
| 999 |
_c6688 _d6688 |
||
| 003 | OSt | ||
| 005 | 20200302153812.0 | ||
| 008 | 200302b ||||| |||| 00| 0 eng d | ||
| 020 | _a9781847879110 | ||
| 040 | _cDDC. | ||
| 082 | _a150.7DOI 2010 | ||
| 100 |
_aEdited by Forrester,A.Micheal; _913753 |
||
| 245 |
_aDoing Qualitative Research in Psychology. _bA Practical Guide. |
||
| 260 |
_aLos Angeles; _bSage, _c2010 |
||
| 300 |
_axviii,262p; _bill; _c24cm. |
||
| 504 | _aIncludes references and index. | ||
| 650 |
_aPsychology. _931 |
||
| 942 |
_2ddc _cO_SHELF |
||